000 01243nam a22002177a 4500
999 _c7673
_d7673
003 OSt
005 20200317144745.0
008 200317b ||||| |||| 00| 0 eng d
020 _a9781682500699
082 _a307.3416
_bJAL
100 _aJalaludin, Bin
245 _aUrban renewal:
_bPolicy and management /
_cby Bin Jalaludin; Michelle Maxwell
260 _bMagnum Publishing
_cc2016
300 _axvii, 193 p.
520 _aUrban renewal, is a program of land redevelopment in areas of moderate to high density urban land use. Urban renewal involves the relocation of businesses, the demolition of structures, the relocation of people, and the use of eminent domain as a legal instrument to take private property for city-initiated development projects. Urban renewal has been seen by proponents as an eco­nomic engine and a reform mechanism, and by critics as a mechanism for control. It may enhance existing communities, and in some cases result in the demolition of neighborhoods. The book con­centrates on urban renewal focusing on the social and physical aspects of this process
650 _aUrban renewal.
650 _aUrban renewal -- Management.
650 _aUrban policy.
700 _aMaxwell, Michelle
942 _2ddc